| 000 | 00622nam a22001817a 4500 | ||
|---|---|---|---|
| 005 | 20210617093909.0 | ||
| 008 | 210303b -cs ||||| |||| 00| 0 eng d | ||
| 020 | _a8070250011 | ||
| 050 | 0 | 4 |
_aKJC7012 _bJ68 1989 |
| 245 | 0 | 0 |
_aJournalist _b: status, rights and responsabilities _c/ edited by Kaarle Nordenstreng and Hifzi Topuz. |
| 250 | _a1a ed. | ||
| 260 |
_aPrague : _bInternational Organization of Journalist, _c1989 |
||
| 300 |
_a317 p. ; _c20 cm. |
||
| 650 | 7 |
_2lemb _aPeriodistas _xCondiciónes jurÃdicas _zEuropa |
|
| 700 | 1 |
_aNordenstreng, Kaarle, _eeditor |
|
| 700 | 1 |
_aTopuz, Hifzi, _eeditor |
|
| 942 |
_2lcc _cLIB |
||
| 999 |
_c155247 _d155245 |
||